000 00673cam a2200229 a 4500
020 _a9780136009290
020 _a0136009298
082 0 0 _a512.5
_bLEO
100 1 _aLeon, Steven J.
245 1 0 _aLinear algebra with applications /
_cSteven J. Leon.
250 _a8th ed.
260 _aUpper Saddle River, NJ :
_bPearson/Prentice Hall,
_cc2010.
300 _axiv, 490 p. :
_bill. (some col.) ;
_c24 cm.
563 _aHB
650 0 _aAlgebras, Linear
_910720
650 0 _98511
942 _2ddc
_cBK
999 _c615182
_d615182